ਵਿਅੰਗ ਲੋਕ / (Record no. 109665)
[ view plain ]
| 000 -LEADER | |
|---|---|
| fixed length control field | 00874nam a22002417a 4500 |
| 005 - DATE AND TIME OF LATEST TRANSACTION | |
| control field | 20170123164141.0 |
| 010 ## - LIBRARY OF CONGRESS CONTROL NUMBER | |
| LC control number | B-079790 |
| 020 ## - INTERNATIONAL STANDARD BOOK NUMBER | |
| International Standard Book Number | 8180590038 |
| Terms of availability | 120.00 |
| 035 ## - SYSTEM CONTROL NUMBER | |
| System control number | B-079790 |
| 040 ## - CATALOGING SOURCE | |
| Original cataloging agency | DPL |
| Language of cataloging | PN |
| 082 ## - DEWEY DECIMAL CLASSIFICATION NUMBER | |
| Classification number | 857 |
| Item number | ਗੋਇਲ |
| 100 ## - MAIN ENTRY--PERSONAL NAME | |
| Personal name | ਗੋਇਲ, ਬਿਪਨ |
| 9 (RLIN) | 114757 |
| 245 ## - TITLE STATEMENT | |
| Title | ਵਿਅੰਗ ਲੋਕ / |
| Statement of responsibility, etc | ਬਿਪਨ ਗੋਇਲ |
| 246 ## - VARYING FORM OF TITLE | |
| Title proper/short title | Viang lok |
| Remainder of title | by Bipin goel |
| 260 ## - PUBLICATION, DISTRIBUTION, ETC. (IMPRINT) | |
| Place of publication, distribution, etc | ਦਿੱਲੀ |
| Name of publisher, distributor, etc | ਸ਼ਿਲਾਲੇਖ |
| 270 ## - ADDRESS | |
| Address | 4/32, ਸੁਭਾਸ਼ ਗਲੀ, ਵਿਸ਼ਵਾਸ ਨਗਰ, ਸ਼ਾਹਦਰਾ |
| City | ਦਿੱਲੀ |
| Postal code | 110032 |
| 300 ## - PHYSICAL DESCRIPTION | |
| Extent | 104p. |
| Dimensions | 23cm(Hb) |
| 650 ## - SUBJECT ADDED ENTRY--TOPICAL TERM | |
| Topical term or geographic name as entry element | ਪੰਜਾਬੀ ਵਿਅੰਗ |
| 9 (RLIN) | 114758 |
| 650 ## - SUBJECT ADDED ENTRY--TOPICAL TERM | |
| Topical term or geographic name as entry element | ਪੰਜਾਬੀ ਸਾਹਿਤ |
| 9 (RLIN) | 114759 |
| 650 ## - SUBJECT ADDED ENTRY--TOPICAL TERM | |
| Topical term or geographic name as entry element | Punjabi Irony |
| 9 (RLIN) | 7379 |
| 650 ## - SUBJECT ADDED ENTRY--TOPICAL TERM | |
| Topical term or geographic name as entry element | Punjabi Literature |
| 9 (RLIN) | 781 |
| 942 ## - ADDED ENTRY ELEMENTS (KOHA) | |
| Source of classification or shelving scheme | Dewey Decimal Classification |
| Koha item type | Punjabi Bks |
| Classification part | 857 |
| Call number suffix | ਗੋਇਲ |
| Withdrawn status | Lost status | Damaged status | Not for loan | Home library | Current library | Date acquired | Source of acquisition | Cost, normal purchase price | Total Checkouts | Full call number | Barcode | Date last seen | Date checked out | Copy number | Cost, replacement price | Price effective from | Koha item type |
|---|---|---|---|---|---|---|---|---|---|---|---|---|---|---|---|---|---|
| Central Library | Central Library | 08/06/2015 | Cen Lib /Ret | 120.00 | 1 | 857 ਗੋਇਲ | B-079790 | 12/02/2020 | 30/01/2020 | 1 | 120.00 | 15/09/2016 | Punjabi Bks |
